| 000 | 01372cam a2200397 a 4500 | ||
|---|---|---|---|
| 001 | 1891 | ||
| 003 | FISKH | ||
| 005 | 20231009082735.0 | ||
| 008 | 021120s2003 nyua b b 001 0 eng | ||
| 010 | _a 2002153945 | ||
| 020 | _a9780516244877 | ||
| 020 | _a0516278770 (pbk.) | ||
| 040 |
_aDLC _cDLC _dDLC _beng |
||
| 042 | _alcac | ||
| 043 | _an-us-ny | ||
| 050 | 0 | 0 |
_aF128.64.L6 _bD68 2003 |
| 082 | 0 | 0 |
_a974.7/1 _221 |
| 100 | 1 | _aDouglas, Lloyd G. | |
| 245 | 1 | 4 |
_aThe Statue of Liberty / _cby Lloyd G. Douglas. |
| 260 |
_aNew York : _bScholastic, _c2003. |
||
| 300 |
_a24 pages : _bcolor illustrations ; _c16 x 18 cm. |
||
| 490 | 1 | _aAmerican symbols | |
| 505 | _aO | ||
| 520 | _aUses easy-to-read text to introduce the Statue of Liberty as an American symbol of freedom. | ||
| 521 | 8 |
_a630
_bLexile |
|
| 521 | 8 |
_aO
_bRaz-Plus |
|
| 650 | 0 |
_aStatue of Liberty (New York, N.Y.) _vJuvenile literature. |
|
| 650 | 1 | _aStatue of Liberty (New York, N.Y.) | |
| 650 | 1 | _aNational monuments. | |
| 650 | 1 | _aStatues. | |
| 651 | 0 |
_aNew York (N.Y.) _xBuildings, structures, etc. _vJuvenile literature. |
|
| 800 | 1 |
_aDouglas, Lloyd G. _tAmerican symbols. |
|
| 906 |
_a7 _bcbc _corignew _d1 _eecip _f20 _gy-gencatlg |
||
| 942 |
_2ddc _cBK _n0 |
||
| 999 |
_c1891 _d1891 |
||